000 00424nam a2200181Ia 4500
003 0100
008 130303s9999 xx 000 0 und d
040 _cARRUPELIB
050 _aBS2573.L191989
100 _aLaMotte, Victor S
245 _aListening
245 _bJournal of Religion and Culture
260 _aRomeoville, Illinois
260 _bLewis University
260 _C1989
300 _a223-311p
942 0 0 _01
999 _c21282
_d21282